Logo BPK

Biblioteka

Politechniki Koszalińskiej

Historia dyplomacji od 1945 r. (Rekord nr 19545)

Szczegóły MARC
000 -ETYKIETA REKORDU
podpole kontrolne o stałej długości 00472nam a2200157 i 4500
001 - NUMER KONTROLNY REKORDU
pole kontrolne bg
040 ## - ŹRÓDŁO KATALOGOWANIA
Instytucja, która utworzyła rekord BPK
041 ## - KOD JĘZYKA
Kod języka tekstu pol
008 - POLE O STAŁEJ DŁUGOŚCI - DANE KONTROLNE
podpole kontrolne o stałej długości s pl f |000 0 pol
245 #0 - TYTUŁ/ODPOWIEDZIALNOŚĆ
Tytuł Historia dyplomacji od 1945 r.
Oznaczenie części/sekcji dzieła T.5.
-- Cz.1 /
Pozostałe elementy strefy tytułu i oznaczenia odpowiedzialności pod red. M. A. Charłamowa i W. S. Siemionowa ; oprac. A.S. Anikin [et al.].
260 ## - STREFA ADRESU WYDAWNICZEGO
Miejsce wydania Warszawa :
Nazwa wydawcy/dystrybutora Książka i Wiedza,
Data publikacji, dystrybucji/powstania dokumentu 1980.
700 1# - HASŁO DODATKOWE - NAZWA OSOBOWA
Nazwa osobowa CHARLAMOV, M. A.
700 1# - HASŁO DODATKOWE - NAZWA OSOBOWA
Nazwa osobowa SIEMIONOV, V. S.
700 1# - HASŁO DODATKOWE - NAZWA OSOBOWA
Nazwa osobowa ANIKIN, A. S.
856 ## - LOKALIZACJA I DOSTĘP DO ELEKTRONICZNYCH DOKUMENTÓW ZDALNYCH
Link (URL) http://koha.tu.koszalin.pl/cgi-bin/koha/opac-detail.pl?biblionumber=19545
Tekst linku Katalog online BPK
942 ## - DODATKOWE ELEMENTY (KOHA)
Typ dokumentu Książka
Egzemplarze
Wycofany Status egzemplarza Uszkodzony Dostępność Lokalizacja stała Lokalizacja bieżąca Miejsce przechowywania Sygnatura Kod kreskowy Typ dokumentu
      Dostępny Biblioteka Politechniki Koszalińskiej Biblioteka Politechniki Koszalińskiej Wypożyczalnia BG 27536 02233147 Książka
      Dostępny Biblioteka Politechniki Koszalińskiej Biblioteka Politechniki Koszalińskiej Wypożyczalnia BG 27537 01531169 Książka
© 2023 Biblioteka Politechniki Koszalińskiej :: KOHA